Image analysis of cell nuclei /
Saved in:
| 主要作者: | |
|---|---|
| 格式: | Thesis 圖書 |
| 語言: | English |
| 出版: |
1998.
|
| 主題: | |
| 標簽: |
添加標簽
沒有標簽, 成為第一個標記此記錄!
|
| LEADER | 00764cam a2200241 a 4500 | ||
|---|---|---|---|
| 001 | u434800 | ||
| 003 | SIRSI | ||
| 008 | 990202s1998 si v 00 1 eng m | ||
| 035 | |a ACG-5523 | ||
| 040 | |a UMM | ||
| 090 | |a QH585 |b Zin | ||
| 100 | 1 | 0 | |a Zin, Maw Myint Oo. |
| 245 | 1 | 0 | |a Image analysis of cell nuclei / |c by Zin Maw Myint Oo. |
| 260 | |c 1998. | ||
| 300 | |a ix, 66 leaves : |b ill. ; |c 30 cm. | ||
| 502 | |a Dissertation (M.Sc.) -- National University of Singapore, 1998. | ||
| 504 | |a Bibliography: leaves 50-51. | ||
| 650 | 0 | |a Imaging systems in biology. | |
| 650 | 0 | |a Cell nuclei |x Research |x Methodology | |
| 650 | 0 | |a Cytology |x Technique. | |
| 948 | |a 02/02/1999 |b 01/04/1999 | ||
| 596 | |a 1 | ||
| 999 | |a QH585 ZIN |w LC |c 1 |i A508375173 |l STACKS |m P01UTAMA |r Y |s Y |t TESIS |u 12/4/1999 | ||
